[Event "Madrid ch 2011-2012 Veteranos"]
[Site "Madrid ESP"]
[Date "2012.01.16"]
[Round "1.1"]
[White "Olano Lanchas, Dionisio"]
[Black "Pastor Alonso De Prado, Alberto"]
[Result "0-1"]
[WhiteElo "1780"]
[BlackElo "2222"]
[PlyCount "110"]
[EventDate "2012.01.16"]
[EventType "swiss"]
[EventRounds "9"]
[EventCountry "ESP"]
[Source "lmi"]
[SourceDate "2012.01.16"]

1. d4 e6 2. e4 d5 3. e5 b6 4. Nf3 Qd7 5. Bd2 c5 6. Nc3 Ba6 7. Be2 Ne7 8. a4
Nec6 9. Nb5 Bxb5 10. Bxb5 a6 11. Bxc6 Nxc6 12. c3 Be7 13. b3 O-O 14. Qb1 f6 15.
O-O fxe5 16. Nxe5 Nxe5 17. dxe5 Qc7 18. Qe1 Rf5 19. f4 h5 20. Be3 Rd8 21. Rc1
b5 22. axb5 axb5 23. Qe2 Qb6 24. b4 d4 25. bxc5 Bxc5 26. cxd4 Bxd4 27. Bxd4
Rxd4 28. Kh1 b4 29. g3 Kh7 30. Kg2 Qb7+ 31. Kh3 Kh6 32. Qa2 b3 33. Qb2 Qd5 34.
Rf2 Rd3 35. Rc3 Rf8 36. Rxd3 Qxd3 37. Qe2 Qxe2 38. Rxe2 Rb8 39. Rb2 g5 40. Kg2
gxf4 41. gxf4 Kg6 42. Kg3 Rb4 43. Kf3 Kf5 44. Kg3 Ke4 45. h3 Rb8 46. Kh4 Kxf4
47. Kxh5 Kxe5 48. Kg4 Kd4 49. h4 Kc3 50. Re2 b2 51. Re1 b1=Q 52. Rxb1 Rxb1 53.
h5 Rg1+ 54. Kf4 Kd4 55. h6 Rg6 0-1

[Event "Madrid ch 2011-2012 Veteranos"]
[Site "Madrid ESP"]
[Date "2012.01.16"]
[Round "1.2"]
[White "Gonzalez Mateos, Rafael"]
[Black "Perez Cristobal, Alberto"]
[Result "1-0"]
[WhiteElo "2148"]
[BlackElo "1774"]
[PlyCount "101"]
[EventDate "2012.01.16"]
[EventType "swiss"]
[EventRounds "9"]
[EventCountry "ESP"]
[Source "lmi"]
[SourceDate "2012.01.16"]

1. d4 d5 2. c3 Nd7 3. Bf4 Ngf6 4. Nf3 e6 5. Nbd2 c5 6. e3 Be7 7. h3 c4 8. b3 b5
9. a4 b4 10. bxc4 bxc3 11. Nb3 Rb8 12. Bxb8 Nxb8 13. c5 Ne4 14. Bd3 Ba6 15.
Bb5+ Bxb5 16. axb5 Qd7 17. Qd3 O-O 18. O-O Qc7 19. Ra2 Nd7 20. Rfa1 Ra8 21. b6
Nxb6 22. cxb6 Qxb6 23. Qc2 Bb4 24. Ra6 Qc7 25. Ne5 g6 26. Nd3 Qe7 27. f3 Ng3
28. Nxb4 Qxb4 29. Kf2 Nf5 30. Rc6 Qb8 31. Qxc3 Qg3+ 32. Kf1 Qh2 33. Re1 Nh4 34.
Qc2 Qh1+ 35. Ke2 Qxg2+ 36. Kd1 Qxf3+ 37. Qe2 Qf5 38. Qg4 Qf6 39. Rg1 Nf5 40.
Qg5 Qg7 41. Ke2 h6 42. Qf4 a5 43. Rgc1 Qf8 44. Qc7 Qa3 45. R6c3 a4 46. Nd2 Qb2
47. Rb1 Qa2 48. Rb8+ Rxb8 49. Qxb8+ Kg7 50. Qe5+ Kh7 51. Rc7 1-0

[Event "Madrid ch 2011-2012 Veteranos"]
[Site "Madrid ESP"]
[Date "2012.01.16"]
[Round "1.3"]
[White "Sanchez Rodenas, Antonio"]
[Black "Casares Ripoll, Fernando"]
[Result "0-1"]
[WhiteElo "1769"]
[BlackElo "2136"]
[PlyCount "98"]
[EventDate "2012.01.16"]
[EventType "swiss"]
[EventRounds "9"]
[EventCountry "ESP"]
[Source "lmi"]
[SourceDate "2012.01.16"]

1. d4 d5 2. c4 c5 3. e3 cxd4 4. exd4 Nc6 5. Nf3 Nf6 6. Nc3 Bg4 7. Be3 e6 8. Be2
Be7 9. O-O O-O 10. Ne5 Bxe2 11. Qxe2 Rc8 12. f4 dxc4 13. Rfd1 Na5 14. Rac1 a6
15. Qf3 Nd5 16. Bf2 b5 17. a3 f6 18. Ng4 Qd7 19. Re1 Rfe8 20. Nxd5 Qxd5 21.
Qxd5 exd5 22. Rc3 Bd6 23. g3 Rxe1+ 24. Bxe1 b4 25. Re3 bxa3 26. bxa3 Nc6 27.
Re6 Bxa3 28. Ne3 Nxd4 29. Rxa6 Nf3+ 30. Kf2 Nxe1 31. Kxe1 Bb4+ 32. Kd1 d4 33.
Nd5 Bc5 34. Nb6 Bxb6 35. Rxb6 Rc7 36. Rd6 d3 37. Ke1 Kf7 38. Rd4 Ke6 39. Kd1 g5
40. fxg5 fxg5 41. h4 Ke5 42. Rd8 Ke4 43. hxg5 c3 44. Re8+ Kf3 45. Rd8 c2+ 46.
Kc1 Ke3 47. Re8+ Kd4 48. Rd8+ Kc3 49. Re8 Ra7 0-1

[Event "Madrid ch 2011-2012 Veteranos"]
[Site "Madrid ESP"]
[Date "2012.01.16"]
[Round "1.4"]
[White "Ciuro Muñoz, Ricardo"]
[Black "Pardiñas Riaño, Emilio"]
[Result "1-0"]
[WhiteElo "2123"]
[BlackElo "1768"]
[PlyCount "95"]
[EventDate "2012.01.16"]
[EventType "swiss"]
[EventRounds "9"]
[EventCountry "ESP"]
[Source "lmi"]
[SourceDate "2012.01.16"]

1. e4 c5 2. Nf3 d6 3. Bb5+ Bd7 4. Bxd7+ Qxd7 5. O-O Nf6 6. Re1 e6 7. c3 Be7 8.
d4 cxd4 9. cxd4 O-O 10. Nc3 a6 11. Bg5 h6 12. Bh4 Nh7 13. Bg3 Qd8 14. Qb3 b6
15. Nd2 Nd7 16. Nc4 e5 17. dxe5 dxe5 18. Nxe5 Nxe5 19. Bxe5 Bc5 20. Rad1 Qg5
21. Bd6 Bxd6 22. Rxd6 b5 23. Nd5 Nf6 24. f4 Qh4 25. g3 Qh3 26. Nxf6+ gxf6 27.
Rd2 Qc8 28. Rd5 Qc6 29. Red1 Rae8 30. Qd3 Qb6+ 31. Qd4 Qe6 32. Re1 Kg7 33. f5
Qe7 34. e5 Rd8 35. Re4 Kh7 36. exf6 Qc7 37. Re7 Qc1+ 38. Kf2 Rc8 39. Qd1 Rc2+
40. Re2 Rxe2+ 41. Qxe2 Qc6 42. Qd2 Qxf6 43. Qd4 Qc6 44. g4 Qc7 45. Rd6 Qc2+ 46.
Qd2 Qc5+ 47. Kg2 Qc4 48. Qxh6+ 1-0

[Event "Madrid ch 2011-2012 Veteranos"]
[Site "Madrid ESP"]
[Date "2012.01.16"]
[Round "1.6"]
[White "Cabañas Bravo, Juan Andres"]
[Black "Corredor Gonzalez, Angel L"]
[Result "1-0"]
[WhiteElo "2087"]
[BlackElo "1751"]
[PlyCount "65"]
[EventDate "2012.01.16"]
[EventType "swiss"]
[EventRounds "9"]
[EventCountry "ESP"]
[Source "lmi"]
[SourceDate "2012.01.16"]

1. e4 e5 2. d4 exd4 3. c3 dxc3 4. Bc4 Nf6 5. Nf3 Bc5 6. O-O O-O 7. Nxc3 h6 8.
e5 Nh7 9. Ne4 Be7 10. Qb3 Nc6 11. Bd2 b6 12. Rad1 Bb7 13. Rfe1 Qc8 14. h4 a5
15. a4 Nb4 16. Nd4 Bxh4 17. Nf5 d5 18. Nxh4 dxc4 19. Qg3 Qe6 20. Bc3 Kh8 21. f4
g6 22. Rd7 Nd5 23. Rxf7 Rg8 24. Rf6 Nhxf6 25. Nxf6 g5 26. f5 gxh4 27. Qxh4 Nxf6
28. Qxh6+ Nh7 29. Qxe6 Bxg2 30. Kf2 Raf8 31. Rg1 Be4 32. Rxg8+ Rxg8 33. Qh6 1-0

[Event "Madrid ch 2011-2012 Veteranos"]
[Site "Madrid ESP"]
[Date "2012.01.17"]
[Round "2.1"]
[White "Pastor Alonso De Prado, Alberto"]
[Black "Ortega Morales, Pedro"]
[Result "1/2-1/2"]
[WhiteElo "2222"]
[BlackElo "1867"]
[PlyCount "102"]
[EventDate "2012.01.16"]
[EventType "swiss"]
[EventRounds "9"]
[EventCountry "ESP"]
[Source "lmi"]
[SourceDate "2012.01.16"]

1. e4 e5 2. Nf3 Nc6 3. Nc3 Bb4 4. Nd5 Ba5 5. Bc4 Nf6 6. O-O d6 7. d3 h6 8. h3
Be6 9. c3 Bxd5 10. exd5 Ne7 11. a4 a6 12. b4 Bb6 13. a5 Ba7 14. Qb3 O-O 15. Re1
c6 16. dxc6 bxc6 17. Bxa6 Bxf2+ 18. Kxf2 Rxa6 19. Bd2 Qc7 20. c4 Rb8 21. Qa4
Nf5 22. g4 Ne7 23. Rac1 Qb7 24. Rb1 Raa8 25. b5 cxb5 26. Rxb5 Qc6 27. Qb3 Rc8
28. Bb4 Ng6 29. Rb6 Qd7 30. Rxd6 Qa7+ 31. Kf1 Qb7 32. Kf2 Rxa5 33. Rb1 Qa7+ 34.
Kg3 Rb8 35. Qd1 Ra2 36. Bd2 e4 37. Rxf6 gxf6 38. dxe4 Qc7+ 39. Kf2 Rd8 40. Qe2
Ne5 41. Rd1 Nxf3 42. Kxf3 Qd6 43. c5 Qc6 44. Qe3 Raxd2 45. Rxd2 Rxd2 46. Qxd2
Qxc5 47. Qxh6 Qc3+ 48. Qe3 Qe5 49. Qd2 Kg7 50. h4 Qa1 51. g5 Qh1+ 1/2-1/2

[Event "Madrid ch 2011-2012 Veteranos"]
[Site "Madrid ESP"]
[Date "2012.01.17"]
[Round "2.2"]
[White "Redondo Garcia, Jose Luis"]
[Black "Gonzalez Mateos, Rafael"]
[Result "0-1"]
[WhiteElo "1855"]
[BlackElo "2148"]
[PlyCount "104"]
[EventDate "2012.01.16"]
[EventType "swiss"]
[EventRounds "9"]
[EventCountry "ESP"]
[Source "lmi"]
[SourceDate "2012.01.16"]

1. c4 e5 2. Nc3 f5 3. e3 Nf6 4. g3 Bb4 5. Nge2 O-O 6. Bg2 c6 7. a3 Be7 8. b4 d6
9. O-O Be6 10. d3 d5 11. cxd5 Nxd5 12. Bb2 Bf6 13. Nxd5 Bxd5 14. Bxd5+ Qxd5 15.
e4 fxe4 16. dxe4 Qxe4 17. Nc3 Qc4 18. Na4 Rd8 19. Qc1 Qxc1 20. Raxc1 Nd7 21.
Rfe1 a5 22. Nc5 axb4 23. Nxd7 Rxd7 24. axb4 Rd5 25. Rc5 Rxc5 26. bxc5 Ra5 27.
Bxe5 Rxc5 28. Bxf6 gxf6 29. Re8+ Kf7 30. Rh8 Kg7 31. Rb8 b5 32. h4 Rc4 33. Kf1
b4 34. Ke2 Rc2+ 35. Kd1 Rc4 36. f3 c5 37. h5 Rc3 38. Ke2 b3 39. g4 c4 40. Rb7+
Kh6 41. Rb6 Rc2+ 42. Kd1 Kg5 43. Rb5+ Kf4 44. Rf5+ Ke3 45. Rxf6 Rd2+ 46. Ke1 c3
47. Rc6 Kd3 48. Rd6+ Kc2 49. Rb6 b2 50. g5 Rg2 51. g6 hxg6 52. Kf1 Rg5 0-1

[Event "Madrid ch 2011-2012 Veteranos"]
[Site "Madrid ESP"]
[Date "2012.01.17"]
[Round "2.3"]
[White "Casares Ripoll, Fernando"]
[Black "Osorio Ramos, Francisco"]
[Result "1-0"]
[WhiteElo "2136"]
[BlackElo "1848"]
[PlyCount "109"]
[EventDate "2012.01.16"]
[EventType "swiss"]
[EventRounds "9"]
[EventCountry "ESP"]
[Source "lmi"]
[SourceDate "2012.01.16"]

1. e4 d6 2. d4 Nf6 3. Nc3 c6 4. f4 Qa5 5. Bd3 e5 6. Nf3 exd4 7. Nxd4 g6 8. Nb3
Qc7 9. O-O Bg7 10. Qe1 O-O 11. Qh4 Nbd7 12. f5 Ne5 13. Bg5 Ned7 14. Rf3 b5 15.
Raf1 b4 16. Nd1 Qd8 17. Ne3 Ne5 18. Rh3 Re8 19. Bxf6 Bxf6 20. Qxh7+ Kf8 21. Rg3
Ke7 22. Qh6 Rh8 23. Qf4 Rh4 24. Qf2 g5 25. Nd2 Qh8 26. Nf3 Nxf3+ 27. gxf3 Be5
28. Rg2 Bd7 29. Kh1 Rg8 30. Ng4 Bd4 31. Qd2 a5 32. b3 Bc3 33. Qe2 f6 34. Bc4
Rg7 35. Rd1 Rgh7 36. Qd3 Qb8 37. e5 Bxe5 38. Nxe5 fxe5 39. f6+ Kxf6 40. Qxd6+
Qxd6 41. Rxd6+ Ke7 42. Rg6 Bf5 43. R6xg5 Kf6 44. Rg8 e4 45. Rf8+ Ke5 46. Re2
Rf4 47. Re8+ Kd4 48. fxe4 Bxe4+ 49. R8xe4+ Rxe4 50. Rxe4+ Kxe4 51. Bd3+ Kd4 52.
Bxh7 Kc3 53. h4 Kb2 54. h5 Kxa2 55. h6 1-0

[Event "Madrid ch 2011-2012 Veteranos"]
[Site "Madrid ESP"]
[Date "2012.01.17"]
[Round "2.4"]
[White "Lopez Peral, Enrique"]
[Black "Ciuro Muñoz, Ricardo"]
[Result "1/2-1/2"]
[WhiteElo "1823"]
[BlackElo "2123"]
[PlyCount "55"]
[EventDate "2012.01.16"]
[EventType "swiss"]
[EventRounds "9"]
[EventCountry "ESP"]
[Source "lmi"]
[SourceDate "2012.01.16"]

1. c4 Nf6 2. g3 g6 3. Bg2 Bg7 4. Nc3 O-O 5. Nf3 d5 6. cxd5 Nxd5 7. O-O Nb6 8.
d3 Nc6 9. Be3 Re8 10. Qd2 Bg4 11. Rac1 Qd7 12. a3 Bh3 13. Rc2 Bxg2 14. Kxg2 e5
15. Ne4 Nd4 16. Bxd4 exd4 17. Rfc1 c6 18. Qf4 Nd5 19. Qd6 Qxd6 20. Nxd6 Re7 21.
Kf1 Rd8 22. Nc4 Nc7 23. Na5 Ne6 24. Nb3 Red7 25. Nc5 Nxc5 26. Rxc5 Rd5 27. b4
a6 28. R1c2 1/2-1/2

[Event "Madrid ch 2011-2012 Veteranos"]
[Site "Madrid ESP"]
[Date "2012.01.17"]
[Round "2.5"]
[White "Beekhof Harmsen, Willen"]
[Black "Cabañas Bravo, Juan Andres"]
[Result "0-1"]
[WhiteElo "1797"]
[BlackElo "2087"]
[PlyCount "64"]
[EventDate "2012.01.16"]
[EventType "swiss"]
[EventRounds "9"]
[EventCountry "ESP"]
[Source "lmi"]
[SourceDate "2012.01.16"]

1. Nf3 Nf6 2. c4 g6 3. g3 Bg7 4. Bg2 O-O 5. O-O d5 6. d4 dxc4 7. Nc3 Nbd7 8. e4
c6 9. a4 a5 10. Qe2 Nb6 11. Rd1 Bg4 12. h3 Be6 13. Ng5 Bd7 14. e5 Nfd5 15. e6
Be8 16. exf7+ Bxf7 17. Ne6 Bxe6 18. Qxe6+ Kh8 19. Bg5 Bf6 20. Ne4 Nc7 21. Bxf6+
exf6 22. Qd6 Nbd5 23. Qxd8 Rfxd8 24. Nc3 Kg7 25. Bf1 Nxc3 26. bxc3 b5 27. Bg2
Nd5 28. Bxd5 Rxd5 29. Re1 Kf7 30. Re3 b4 31. Rae1 Rd7 32. Re6 Rc8 0-1

[Event "Madrid ch 2011-2012 Veteranos"]
[Site "Madrid ESP"]
[Date "2012.01.18"]
[Round "3.1"]
[White "Gonzalez Mateos, Rafael"]
[Black "Moragrega Herrero, Juan Jose"]
[Result "1-0"]
[WhiteElo "2148"]
[BlackElo "1929"]
[PlyCount "45"]
[EventDate "2012.01.16"]
[EventType "swiss"]
[EventRounds "9"]
[EventCountry "ESP"]
[Source "lmi"]
[SourceDate "2012.01.16"]

1. d4 d5 2. c3 Nf6 3. Bg5 e6 4. Nf3 Be7 5. Nbd2 O-O 6. e3 Nbd7 7. Bd3 h6 8. Bh4
c5 9. Qe2 Qc7 10. g4 g5 11. Bg3 Bd6 12. Bxd6 Qxd6 13. h4 e5 14. hxg5 Nxg4 15.
Bf5 Nb6 16. Bxg4 Bxg4 17. dxe5 Qd7 18. Rxh6 Rae8 19. O-O-O Kg7 20. Rdh1 Rh8 21.
Qf1 Qa4 22. R1h4 Bf5 23. Rxa4 1-0

[Event "Madrid ch 2011-2012 Veteranos"]
[Site "Madrid ESP"]
[Date "2012.01.18"]
[Round "3.2"]
[White "Fernandez Garcia, Ignacio"]
[Black "Casares Ripoll, Fernando"]
[Result "0-1"]
[WhiteElo "1903"]
[BlackElo "2136"]
[PlyCount "134"]
[EventDate "2012.01.16"]
[EventType "swiss"]
[EventRounds "9"]
[EventCountry "ESP"]
[Source "lmi"]
[SourceDate "2012.01.16"]

1. e4 d5 2. e5 Bf5 3. d3 e6 4. Nf3 c5 5. Be2 Nc6 6. O-O Qc7 7. Bf4 f6 8. Nh4
fxe5 9. Bg3 Bd6 10. Nc3 Nge7 11. f4 a6 12. Nxf5 exf5 13. fxe5 Bxe5 14. Bxe5
Qxe5 15. Bf3 O-O-O 16. Qd2 Rhe8 17. Kh1 Nd4 18. Bh5 g6 19. Rae1 Qd6 20. Bd1
Nec6 21. Qh6 Re7 22. a3 b5 23. Na2 Rde8 24. Rxe7 Qxe7 25. Nc3 Qd7 26. Na2 Ne5
27. c3 Ndc6 28. Qd2 d4 29. Nc1 c4 30. Be2 dxc3 31. Qxc3 Qd4 32. Qc2 Kb7 33.
dxc4 Nxc4 34. Bf3 N4e5 35. Nb3 Qb6 36. Nc5+ Ka7 37. Rd1 Rd8 38. Bxc6 Rxd1+ 39.
Qxd1 Qxc5 40. Bd5 Ng4 41. b4 Qe3 42. Qf1 Qxa3 43. Bf3 Ne3 44. Qe1 Qd3 45. Be2
Qd4 46. h3 f4 47. Qh4 Qxb4 48. Qxh7+ Kb6 49. Qxg6+ Ka5 50. Kh2 Qe1 51. Bd3 f3
52. gxf3 Qf2+ 53. Kh1 Qxf3+ 54. Kh2 Qf2+ 55. Kh1 Nf1 56. Qg2 Ng3+ 57. Kh2 Qxg2+
58. Kxg2 Nh5 59. Kf3 Kb4 60. Bg6 Ng7 61. Ke2 Kc3 62. Kd1 Kb2 63. Kd2 a5 64. h4
a4 65. h5 Nxh5 66. Bxh5 b4 67. Be8 a3 0-1

[Event "Madrid ch 2011-2012 Veteranos"]
[Site "Madrid ESP"]
[Date "2012.01.18"]
[Round "3.3"]
[White "Cabañas Bravo, Juan Andres"]
[Black "Martin-Consuegra Barrilero, Francisco Javier"]
[Result "1/2-1/2"]
[WhiteElo "2087"]
[BlackElo "1886"]
[PlyCount "64"]
[EventDate "2012.01.16"]
[EventType "swiss"]
[EventRounds "9"]
[EventCountry "ESP"]
[Source "lmi"]
[SourceDate "2012.01.16"]

1. e4 d5 2. exd5 Qxd5 3. Nc3 Qa5 4. d4 c6 5. Bc4 Nf6 6. Bd2 Qb6 7. Qe2 Bf5 8.
O-O-O Nbd7 9. Nf3 h6 10. Ne5 e6 11. g4 Nxe5 12. dxe5 Nxg4 13. f3 Nf2 14. Be3
Nxd1 15. Bxb6 Nxc3 16. bxc3 axb6 17. Re1 Ba3+ 18. Kb1 g5 19. Bd3 Ra5 20. Bxf5
Rb5+ 21. Qxb5 cxb5 22. Be4 Bc5 23. Rd1 Ke7 24. Bxb7 Rd8 25. Rd3 b4 26. c4 Rxd3
27. cxd3 Bd4 28. Kc2 Bxe5 29. h3 Kd6 30. Kd2 Bf4+ 31. Ke2 Ke5 32. Bc6 Kd4
1/2-1/2

[Event "Madrid ch 2011-2012 Veteranos"]
[Site "Madrid ESP"]
[Date "2012.01.18"]
[Round "3.4"]
[White " Camarero Izquierdo, Juan Carlos"]
[Black "Rodriguez Perez, Rene"]
[Result "1-0"]
[WhiteElo "1896"]
[BlackElo "2038"]
[PlyCount "85"]
[EventDate "2012.01.16"]
[EventType "swiss"]
[EventRounds "9"]
[EventCountry "ESP"]
[Source "lmi"]
[SourceDate "2012.01.16"]

1. d4 d5 2. Nc3 c6 3. e4 e6 4. e5 c5 5. dxc5 Qc7 6. f4 Qxc5 7. Nf3 Nc6 8. Bb5
Nge7 9. Nd4 a6 10. Bxc6+ Nxc6 11. Be3 Bd7 12. Qd2 Qa5 13. Nb3 Qc7 14. O-O-O Rc8
15. Bc5 Bxc5 16. Nxc5 Nxe5 17. fxe5 Qxc5 18. Ne4 dxe4 19. Qxd7+ Kf8 20. c3 Re8
21. Qxb7 Qxe5 22. Rhf1 f5 23. Rd7 Qf6 24. Qxa6 h5 25. Rfd1 Kg8 26. Qe2 Qg6 27.
c4 Kh7 28. c5 Rc8 29. Qc2 Rc6 30. R7d6 Rhc8 31. Rxc6 Rxc6 32. Rd6 Qe8 33. Kb1
g6 34. Qa4 Rc8 35. Qa7+ Kh6 36. Rd7 e3 37. h4 Qg8 38. c6 f4 39. Qc5 g5 40.
hxg5+ Kg6 41. Qe5 Qf8 42. Qxe6+ Kxg5 43. Rd5+ 1-0

[Event "Madrid ch 2011-2012 Veteranos"]
[Site "Madrid ESP"]
[Date "2012.01.18"]
[Round "3.5"]
[White "Diaz Begonte, Manuel"]
[Black "Pastor Alonso De Prado, Alberto"]
[Result "0-1"]
[WhiteElo "1790"]
[BlackElo "2222"]
[PlyCount "64"]
[EventDate "2012.01.16"]
[EventType "swiss"]
[EventRounds "9"]
[EventCountry "ESP"]
[Source "lmi"]
[SourceDate "2012.01.16"]

1. d4 d5 2. e3 Nf6 3. Nc3 e6 4. Bd3 c5 5. Nf3 Be7 6. dxc5 O-O 7. O-O Nbd7 8. b3
Nxc5 9. Bb2 Qa5 10. Qd2 Nxd3 11. cxd3 Rd8 12. a3 Qb6 13. b4 Bd7 14. Rac1 a5 15.
b5 Bxb5 16. Nxb5 Qxb5 17. Rc7 Bd6 18. Bxf6 gxf6 19. Rc3 Qd7 20. Rfc1 b5 21. Qb2
Rab8 22. Rb3 a4 23. Rbc3 b4 24. axb4 Rxb4 25. Qa1 Rb6 26. R3c2 Kg7 27. g3 Rdb8
28. Nd4 a3 29. Ne2 Rb2 30. Nf4 Qa4 31. Rc3 Bxf4 32. gxf4 a2 0-1

[Event "Madrid ch 2011-2012 Veteranos"]
[Site "Madrid ESP"]
[Date "2012.01.19"]
[Round "4.1"]
[White "Casares Ripoll, Fernando"]
[Black "Gonzalez Mateos, Rafael"]
[Result "1/2-1/2"]
[WhiteElo "2136"]
[BlackElo "2148"]
[PlyCount "57"]
[EventDate "2012.01.16"]
[EventType "swiss"]
[EventRounds "9"]
[EventCountry "ESP"]
[Source "lmi"]
[SourceDate "2012.01.16"]

1. e4 e6 2. d4 d5 3. exd5 exd5 4. Bd3 Bd6 5. Nf3 Ne7 6. O-O h6 7. Re1 O-O 8.
Nbd2 Bf5 9. Nf1 Bxd3 10. Qxd3 c6 11. Ng3 Nd7 12. Nf5 Nxf5 13. Qxf5 Re8 14. Bd2
Qc7 15. b3 Nf8 16. c4 dxc4 17. bxc4 b6 18. c5 Be7 19. Ne5 f6 20. Ng6 bxc5 21.
Nxe7+ Rxe7 22. Qxc5 Rd7 23. Rac1 Qd6 24. Qxd6 Rxd6 25. Bb4 Rxd4 26. Bxf8 Kxf8
27. Rxc6 Re8 28. Kf1 Rxe1+ 29. Kxe1 1/2-1/2

[Event "Madrid ch 2011-2012 Veteranos"]
[Site "Madrid ESP"]
[Date "2012.01.19"]
[Round "4.2"]
[White "Garcia Esteban, Juan Ignacio"]
[Black "Camarero Izquierdo, Juan Carlos"]
[Result "1-0"]
[WhiteElo "1961"]
[BlackElo "1896"]
[PlyCount "93"]
[EventDate "2012.01.16"]
[EventType "swiss"]
[EventRounds "9"]
[EventCountry "ESP"]
[Source "lmi"]
[SourceDate "2012.01.16"]

1. e4 c5 2. Nf3 d6 3. d4 cxd4 4. Nxd4 Nf6 5. Nc3 a6 6. Be2 b5 7. a3 Bb7 8. Bf3
Nbd7 9. Nf5 Rc8 10. Bf4 g6 11. Ng3 Bg7 12. O-O O-O 13. Qd2 Nb6 14. Be2 Re8 15.
Bh6 Bh8 16. Be3 Nc4 17. Bxc4 Rxc4 18. f3 Qc7 19. Nge2 Rc8 20. Bd4 Qa5 21. Qe3
b4 22. axb4 Qh5 23. Qf2 Nd7 24. Bxh8 Kxh8 25. Nf4 Qh6 26. Nd3 Nf6 27. Ra5 Bxe4
28. fxe4 Ng4 29. Qf4 Qh4 30. h3 h5 31. hxg4 hxg4 32. Qh2 Qxh2+ 33. Kxh2 Kg7 34.
Kg3 e6 35. Rxa6 f5 36. exf5 exf5 37. Rxd6 Rf8 38. Rxg6+ Kxg6 39. Ne5+ Kg5 40.
Nxc4 f4+ 41. Kf2 Rc8 42. b3 Rh8 43. Rg1 Rh2 44. b5 Kh4 45. Ne4 f3 46. b6 g3+
47. Kxf3 1-0

[Event "Madrid ch 2011-2012 Veteranos"]
[Site "Madrid ESP"]
[Date "2012.01.19"]
[Round "4.3"]
[White "Pastor Alonso De Prado, Alberto"]
[Black "Cabañas Bravo, Juan Andres"]
[Result "1-0"]
[WhiteElo "2222"]
[BlackElo "2087"]
[PlyCount "51"]
[EventDate "2012.01.16"]
[EventType "swiss"]
[EventRounds "9"]
[EventCountry "ESP"]
[Source "lmi"]
[SourceDate "2012.01.16"]

1. e4 c5 2. c3 Qa5 3. Nf3 Nc6 4. Na3 e5 5. Bc4 d6 6. O-O Be7 7. Qb3 Nd8 8. d4
cxd4 9. cxd4 exd4 10. Bb5+ Kf8 11. Nxd4 a6 12. Bd3 Nf6 13. Nc4 Qh5 14. Nb6 Rb8
15. Qc3 Qc5 16. Qxc5 dxc5 17. Bf4 cxd4 18. Bxb8 Be6 19. f3 Nc6 20. Bg3 Nh5 21.
Bc7 Nb4 22. Bc4 Bc5 23. Bxe6 d3+ 24. Kh1 Bxb6 25. Bxb6 fxe6 26. Bc5+ 1-0

[Event "Madrid ch 2011-2012 Veteranos"]
[Site "Madrid ESP"]
[Date "2012.01.19"]
[Round "4.4"]
[White "Martin-Consuegra Barrilero, Francisco Javier"]
[Black "Ciuro Muñoz, Ricardo"]
[Result "0-1"]
[WhiteElo "1886"]
[BlackElo "2123"]
[PlyCount "120"]
[EventDate "2012.01.16"]
[EventType "swiss"]
[EventRounds "9"]
[EventCountry "ESP"]
[Source "lmi"]
[SourceDate "2012.01.16"]

1. d4 Nf6 2. Bf4 g6 3. e3 c5 4. c3 Qb6 5. Qb3 Bg7 6. Nf3 Nc6 7. h3 d6 8. Nbd2
Na5 9. Qxb6 axb6 10. b4 cxb4 11. cxb4 Nc6 12. Bb5 Bd7 13. Bxc6 bxc6 14. e4 O-O
15. a4 c5 16. bxc5 bxc5 17. a5 cxd4 18. e5 Nd5 19. Bg3 Nb4 20. O-O dxe5 21.
Bxe5 Nc6 22. Bxg7 Kxg7 23. Rfe1 f6 24. Nc4 e5 25. Nb6 Ra7 26. Rec1 Nb4 27. Rc4
Na6 28. Nd2 Be6 29. Rc6 Bf5 30. g4 Bd3 31. Rd6 Rff7 32. f4 Nc5 33. g5 e4 34.
Rxd4 e3 35. Rd5 exd2 36. Rxc5 Be2 37. Rd5 d1=Q+ 38. Raxd1 Bxd1 39. gxf6+ Rxf6
40. Rxd1 Rxa5 41. Nc4 Ra4 42. Rd7+ Rf7 43. Rxf7+ Kxf7 44. Ne5+ Kf6 45. Kg2 Rxf4
46. Ng4+ Kf5 47. Kg3 Ra4 48. Nh6+ Kg5 49. Nf7+ Kf6 50. Nh6 g5 51. Ng4+ Kf5 52.
Ne3+ Ke4 53. Ng4 Ra3+ 54. Kg2 Kf4 55. Nf6 Ra2+ 56. Kf1 h6 57. Nh5+ Kf3 58. Kg1
Ra1+ 59. Kh2 Rb1 60. Nf6 Rb2+ 0-1

[Event "Madrid ch 2011-2012 Veteranos"]
[Site "Madrid ESP"]
[Date "2012.01.19"]
[Round "4.5"]
[White "Rodriguez Perez, Rene"]
[Black "Diaz Begonte, Manuel"]
[Result "1-0"]
[WhiteElo "2038"]
[BlackElo "1790"]
[PlyCount "125"]
[EventDate "2012.01.16"]
[EventType "swiss"]
[EventRounds "9"]
[EventCountry "ESP"]
[Source "lmi"]
[SourceDate "2012.01.16"]

1. e4 c6 2. d4 d5 3. exd5 Qxd5 4. Nf3 Bg4 5. Be2 e6 6. h3 Bxf3 7. Bxf3 Qd6 8.
O-O Nf6 9. c4 Be7 10. Nc3 O-O 11. Be3 Rd8 12. Qe2 Nbd7 13. Rfd1 Nf8 14. a3 Ng6
15. g3 a6 16. b4 Qc7 17. Bg2 Rac8 18. Rdc1 Qd7 19. Na4 Qe8 20. Nc3 h6 21. f4
Bd6 22. Re1 Bb8 23. a4 Ba7 24. Qf2 Qd7 25. Rad1 Ne7 26. Ne4 Nf5 27. Nc5 Qe7 28.
Bc1 a5 29. Bb2 axb4 30. Nb3 Qc7 31. Bf1 b5 32. axb5 cxb5 33. c5 Nd5 34. Bxb5
Nc3 35. Bxc3 bxc3 36. Kh2 Ne7 37. Bc4 Rb8 38. Qc2 Nd5 39. Bxd5 Rxd5 40. Qxc3 g5
41. fxg5 Rxg5 42. Rd3 Qc6 43. Nd2 Rd8 44. Ne4 Rg6 45. Rf3 f5 46. Nd6 Bb8 47.
Nc4 Qd5 48. Ne5 Rg7 49. Qe3 Bxe5 50. dxe5 Kh7 51. Rc1 Rc7 52. Rf2 Rdc8 53. Rfc2
Kg6 54. Rc4 h5 55. h4 Rc6 56. Qg5+ Kf7 57. Qxh5+ Kg7 58. Qg5+ Kf7 59. Qe3 Rh8
60. Rd4 Qa2+ 61. Rd2 Qa7 62. Rcd1 Rc7 63. Qg5 1-0

[Event "Madrid ch 2011-2012 Veteranos"]
[Site "Madrid ESP"]
[Date "2012.01.20"]
[Round "5.1"]
[White "Ciuro Muñoz, Ricardo"]
[Black "Pastor Alonso De Prado, Alberto"]
[Result "1/2-1/2"]
[WhiteElo "2123"]
[BlackElo "2222"]
[PlyCount "27"]
[EventDate "2012.01.16"]
[EventType "swiss"]
[EventRounds "9"]
[EventCountry "ESP"]
[Source "lmi"]
[SourceDate "2012.01.16"]

1. e4 c5 2. Nf3 e6 3. d3 Ne7 4. g3 d5 5. Qe2 dxe4 6. dxe4 b6 7. Bg2 Ba6 8. c4
Nbc6 9. b3 Qd7 10. O-O Rd8 11. Bb2 Nb4 12. Nc3 Qd3 13. Rfd1 Qxe2 14. Rxd8+
1/2-1/2

[Event "Madrid ch 2011-2012 Veteranos"]
[Site "Madrid ESP"]
[Date "2012.01.20"]
[Round "5.2"]
[White "Gonzalez Mateos, Rafael"]
[Black "Garcia Esteban, Juan Ignacio"]
[Result "1-0"]
[WhiteElo "2148"]
[BlackElo "1961"]
[PlyCount "83"]
[EventDate "2012.01.16"]
[EventType "swiss"]
[EventRounds "9"]
[EventCountry "ESP"]
[Source "lmi"]
[SourceDate "2012.01.16"]

1. d4 Nf6 2. c3 d5 3. Nf3 g6 4. Bf4 Bg7 5. h3 O-O 6. e3 c6 7. Nbd2 Nbd7 8. Be2
Qb6 9. Qb3 Qxb3 10. axb3 Re8 11. b4 Ne4 12. Nxe4 dxe4 13. Nd2 Nf6 14. Be5 Bd7
15. g4 h6 16. Bf1 Be6 17. Bg2 a6 18. Bxf6 exf6 19. Bxe4 f5 20. gxf5 gxf5 21.
Bg2 f4 22. e4 Rad8 23. O-O Kh8 24. Kh2 Bf6 25. Rad1 Rg8 26. e5 Be7 27. Be4 Rg7
28. Rg1 Rdg8 29. Rxg7 Rxg7 30. Nf3 Rg8 31. Rg1 Ra8 32. Ra1 Bc4 33. Nd2 Be2 34.
Bf3 Bd3 35. Be4 Be2 36. Re1 Bh5 37. Bf3 Bxf3 38. Nxf3 a5 39. Ra1 a4 40. Ne1 Bh4
41. Kg2 f6 42. Nf3 1-0